| 000 | 00403pab a2200169 454500 | ||
|---|---|---|---|
| 008 | 180718b2009 xxu||||| |||| 00| 0 eng d | ||
| 100 | _aSharan, Shree Shankar | ||
| 245 | _aObama's USA | ||
| 260 | _c2009 | ||
| 300 | _aP.6-9. | ||
| 362 | _a28 Mar | ||
| 650 | _aUnited States - Politics and government | ||
| 650 | _aPolitics and government | ||
| 773 | _aMainstream | ||
| 908 | _aN | ||
| 909 | _a81802 | ||
| 999 |
_c81802 _d81802 |
||